Vídeos Geográficos de Colombia (Registro nro. 19287)

Detalles MARC
000 -CABECERA
Campo de control 00899ngm a22002777a 4500
005 - FECHA Y HORA DE LA ULTIMA TRANSACCION
Campo de control 20180803170350.0
008 - ELEMENTOS DE LONGITUD FIJA—INFORMACION GENERAL
Campo de control 170207b xxu||||| |||| 00| 0 spa d
040 ## - FUENTE DE CATALOGACIÓN
Agencia catalogadora original CO-BoIAVH
Agencia transcriptora CO-BoIAVH
041 ## - IDIOMA
Código de idioma para texto/pista de sonido o título separado Español
090 ## - CLASIFICACIÓN LOCAL
Colección AV
Consecutivo 00358
110 1# - ASIENTO PRINCIPAL--NOMBRE CORPORATIVO
Nombre corporativo o de jurisdicción como elemento de entrada Instituto Geográfico Agustín Codazzi
9 (RLIN) 95695
245 1# - MENCION DE TITULO
Título Vídeos Geográficos de Colombia
257 ## - COUNTRY OF PRODUCING ENTITY FOR ARCHIVAL FILMS
Country of producing entity Colombia
260 ## - PUBLICACION, DISTRIBUCION, ETC. (PIE DE IMPRENTA)
Lugar de publicación, distribución, etc. Bogotá
Nombre del editor, distribuidor, etc. Instituto Geográfico Agustín Codazzi IGAC
Fecha de publicación, distribución, etc. s. f
300 ## - DESCRIPCION FISICA
Extensión Serie de videos
500 ## - NOTA GENERAL
Nota general Serie de vídeos de las regiones de Colombia
505 ## - NOTA DE CONTENIDO
Nota de contenido V.1 Ej. 1 Bogotá
505 ## - NOTA DE CONTENIDO
Nota de contenido V.1 Ej. 2 Región Caribe
505 ## - NOTA DE CONTENIDO
Nota de contenido V.1 Ej. 3 Región Pacífica
505 ## - NOTA DE CONTENIDO
Nota de contenido V.1 Ej. 4 Región Andina 1
505 ## - NOTA DE CONTENIDO
Nota de contenido V.1 Ej. 5 Región Andina 2
505 ## - NOTA DE CONTENIDO
Nota de contenido V.1 Ej. 6 Región de la Orinoquía
505 ## - NOTA DE CONTENIDO
Nota de contenido V.1 Ej. 7 Región de la Amazonía
650 14 - ASIENTO SECUNDARIO DE MATERIA - TERMINO TEMATICO
Término temático o nombre geográfico como elemento de entrada Geografia
Subdivisión geográfica Bogotá
9 (RLIN) 79860
942 ## - ELEMENTOS ADICIONALES (KOHA)
Sistema de clasificación Local
Tipo de ítem VHS
Existencias
Withdrawn status Lost status Sistema de Clasificación Damaged status No para préstamo Colección Ubicación Permanente Ubicación actual Fecha de adquisición Total Checkouts Número topográfico Inventario / Código de Barras Date last seen Ejemplar Price effective from Forma de adquisición Tipo de material
    Local     Audiovisual Bogotá Bogotá 07/02/2017   AV-00358 042402 07/02/2017 V.1 Ej.1 07/02/2017 Canje VHS
    Local     Audiovisual Bogotá Bogotá 21/02/2017   AV-00358 042403 21/02/2017 V.1 Ej.2 21/02/2017   VHS
    Local     Audiovisual Bogotá Bogotá 21/02/2017   AV-00358 042404 21/02/2017 V.1 Ej.3 21/02/2017 Canje VHS
    Local     Audiovisual Bogotá Bogotá 21/02/2017   AV-00358 042421 21/02/2017 V.1 Ej.4 21/02/2017 Canje VHS
    Local     Audiovisual Bogotá Bogotá 21/02/2017   AV-00358 042405 21/02/2017 V.1 Ej.5 21/02/2017 Canje VHS
    Local     Audiovisual Bogotá Bogotá 21/02/2017   AV-00358 042420 21/02/2017 V.1 Ej.6 21/02/2017 Canje VHS
    Local     Audiovisual Bogotá Bogotá 21/02/2017   AV-00358 042406 21/02/2017 V.1 Ej.7 21/02/2017 Canje VHS